00329 a2200109 450000100060000008200120000610000660001824500790008426000270016330000080019050000210019891954 aPR 1726 aAkunzada Ilyas and Nizam Uddin; Prof Abdul Rehman,M., Advisor aAcquisition , Display and Enhancement of Thermal Imaging Systemn64 "B" EC aRawalpindibNUSTc2008 a70p aBE Projec Report